| 000 | 00820cam a2200289 i 4500 | ||
|---|---|---|---|
| 008 | |||
| 020 | _a9788126508204 (paperbag) | ||
| 049 | _aMAIN | ||
| 090 |
_aQK641 _bESA |
||
| 100 | 1 | _aEsau, Katherine. | |
| 245 | 1 | 0 |
_aAnatomy of seed plants / _cKatherine Esau. |
| 250 | _aSecond edition | ||
| 260 |
_aNew York : _bWiley, _cc1977. |
||
| 300 |
_axx, 550 pages : _billustrations. ; _c24 cm |
||
| 336 |
_atext _btxt _2rdacontent |
||
| 337 |
_aunmediated _bn _2rdamedia |
||
| 338 | 0 | 0 |
_avolume _bnc _2rdacarrier |
| 504 | _aIncludes bibliographies. | ||
| 500 | _aIncludes index. | ||
| 650 | 0 | _aPlant anatomy. | |
| 650 | 0 | _aPhanerogams. | |
| 907 |
_a.b10384947 _b21-05-19 _c03-10-17 |
||
| 003 | |||
| 005 | 20230123122304.0 | ||
| 040 | _cNUST | ||
| 942 |
_cBOOKS _kQK641 _mESA |
||
| 999 |
_c131057 _d131057 |
||